000 00565nam a22002057a 4500
003 OSt
005 20160413180718.0
008 160413b xxu||||| |||| 00| 0 eng d
020 _a9966461434
040 _c040a
082 _a330
_bLIV 1980
100 _aLivingstone, I
_97841
245 _aEconomics for Eastern Africa /
_cI. Livingstone, H.W Ord
260 _aNairobi
_bEast African educational publishers
_c1980
300 _axx, 572p;
_bill :
_c13 cm
504 _aIncludes index
650 _aEconomics
_9975
700 _aOrd, H.W
_97842
942 _2ddc
_cSLOAN
999 _c3512
_d3512